000 01512nam a2200265 i 4500
001 7041
003 ES-MaACL
005 20250804062639.0
008 900724s1990 sp ||||1| spa d
020 _a84-7223-364-2
080 _a821.134.2-993"19"
100 1 _aGrandes, Almudena,
_d1960-2021
_959600
245 1 4 _aLas edades de Lulú /
_cAlmudena Grandes.
250 _a13ª ed.
260 _aBarcelona :
_bTusquets,
_c1990.
300 _a260 p. ;
_c20 cm.
490 1 _aLa sonrisa vertical ;
_v61
520 _aSumida todavía en los temores de una infancia carente de afecto, Lulú, una niña de quince años, sucumbe a la atracción que ejerce sobre ella un joven, amigo de la familia, a quien hasta entonces ella había deseado vagamente. Después de esta primera experiencia, Lulú, niña eterna, alimenta durante años, en solitario, el fantasma de aquel hombre que acaba por aceptar el desafío de prolongar indefinidamente, en su peculiar relación sexual, el juego amoroso de la niñez. Crea para ella un mundo aparte, un universo privado donde el tiempo pierde valor. Pero el sortilegio arriesgado de vivir fuera de la realidad se rompe bruscamente un día, cuando Lulú, ya con treinta años, se precipita, indefensa pero febrilmente, en el infierno de los deseos peligrosos.
586 _aXI Premio La sonrisa vertical
655 0 _aNovelas
_9234319
830 1 _aLa sonrisa vertical ;
_v61
_9180622
852 4 _aES-MaACL
_jL-14199
942 _2udc
999 _c7041
_d7041